Dans le garage A-Z - Statistiques

Statistiques générales
  • Ce quiz a été pris 47 fois
  • Le résultat moyen est 17 sur 26
Statistiques - réponses
Lettres Définitions Réponses % Correct
C Il fait frais l'été et on y stocke le vin à l'intérieur Cave
100%
G Vaut mieux en porter si on travaille prés des ronces Gants
93%
L De frein ou de refroidissement, celui ci reste dans un récipient Liquide
93%
X Instrument de musique que mon enfant ne voulait plus Xylophone
91%
P On l'utilise pour y faire un trou dans n'importe quelle surface Perceuse
88%
S Ton fils a grandi, tu lui achète un lit, dont le matelas et le _ _ _ _ _ _ _ Sommier
88%
T Elle coupe l'herbe qui a bien poussée durant le printemps Tondeuse
88%
Q Véhicule motorisé pour tout terrain Quad
86%
B Cette partie de garage est souvent réservé à la lessive Buanderie
81%
R On préfère déblayer le terrain avec, que s'en prendre amoureusement Râteau
79%
D Cet endroit nous permet de stocker ce dont on a pas besoin mais qu'onne veut pas non plus jeter Débarras
77%
N Cet outil nous permet de voir si notre travail est droit et équilibré Niveau
77%
M Valentino Rossi en a conduis plusieurs différentes pendant 20 ans Moto
74%
Z Petit bateau pneumatique qu'on laisse dans une partie du garage Zodiac
74%
I Élément important du moteur car sans lui le carburant ne va pasdans la chambre de combustion Injecteur
67%
K On emploie cette marque quand on veut nettoyer le véhicule Karcher
67%
J Ces vieux bouts de papiers posés par terre, nous empêche de nous salirlors d'une réparation Journal
53%
V On l'a répare à l'intérieur de celui-ci Voiture
53%
Y Mon pote est parti en Chine il a échanger 6 euros en 50 _ _ _ _ Yuan
53%
E On y pose un tas de papiers, matériau en tout genre Etabli
49%
H Cette outil permet de ramoner la cheminer Hérisson
40%
W Cette marque d'huile permet de dégraisser les chaînes par exemple WD40
37%
U On l'utilise pour un déménagement par exemple Utilitaire
35%
F Synonyme de prise électrique Fiche
21%
O Instrument de mesure destiné à visualiser un signal électrique Oscilloscope
16%
A Un garagiste l'utilise pour voir combien le véhicule rejette de CO2 dansl'atmosphère Analyseur
2%
Aucun quiz correspondant
Distribution des résultats
% des personnes avec chaque résultat
Percentile par nombre de réponses
Votre historique - résultats
Vous n’avez pas pris ce quiz